Introduction to genetics: Molecular approach (Record no. 396766)

MARC details
000 -LEADER
fixed length control field 00505 a2200205 4500
005 - DATE & TIME
control field 20260407125951.0
008 - FIXED-LENGTH DATA ELEMENTS--GENERAL INFORMATION
fixed length control field 260407b |||||||| |||| 00| 0 eng d
020 ## - ISBN
International Standard Book Number 9781032743530
Price £ 53.99
040 ## - CATALOGING SOURCE
Original cataloging agency VIVEKANANDA LIBRARY
082 ## - DDC NUMBER
Classification number 576.5
Book Number B815I(2)
100 ## - MAIN ENTRY--PERSONAL NAME
Personal name Brown, Terry
245 ## - TITLE STATEMENT
Title Introduction to genetics: Molecular approach
250 ## - EDITION STATEMENT
Edition statement 2nd
260 ## - PUBLICATION, DISTRIBUTION, ETC. (IMPRINT)
Name of publisher, distributor, etc CRC Press
Date of publication, distribution, etc 2025
Place of publication, distribution, etc London
300 ## - PHYSICAL DESCRIPTION
Pages xxiv, 524
650 ## - Subject
Subject Genetic
650 ## - Subject
Subject Life Science
650 ## - Subject
Subject Biology
942 ## - ADDED ENTRY ELEMENTS (KOHA)
Koha item type Books
Holdings
Withdrawn status Lost status Source of classification or shelving scheme Damaged status Not for loan Location (home branch) Sublocation or collection (holding branch) Shelving location Date acquired Koha issues (times borrowed) Koha full call number Accession No. Koha date last seen Koha item type
    Dewey Decimal Classification     VIVEKANANDA LIBRARY VIVEKANANDA LIBRARY Vivekananda Library 09/02/2026   576.5 B815I(2) 438224 09/02/2026 Books
© Designed and Maintained by Vivekananda Library, MDU Rohtak